Spider-Man Villains A-Z by Picture - Statistics

General Stats
  • This quiz has been taken 206 times
  • The average score is 14 of 24
Answer Stats
Picture Answer % Correct
Doctor Octopus
97%
Green Goblin
96%
Lizard
95%
Electro
94%
Sandman
94%
Mysterio
93%
Rhino
92%
Black Cat
91%
Venom
91%
Kraven the Hunter
87%
Prowler
66%
Chameleon
65%
Hydro-Man
65%
Tombstone
58%
Jackal
46%
Ultimatum
26%
Iguana
21%
Alistair Smythe
17%
Ox
17%
Fancy Dan
13%
Will o' the Wisp
13%
Nefilia
11%
Queen
11%
Xraven
4%
No matching quizzes found
Score Distribution
Percent of People with Each Score
Percentile by Number Answered
Your Score History
You have not taken this quiz